World Capitals, Semi-Blind - Statistics

General Stats
  • This quiz has been taken 179 times
  • The average score is 144 of 196
Answers on the Map
Answers color-coded by a green-red scale on the quiz's map according to % correct below.
 
Answer Stats
capital % Correct
Dublin
97%
Washington
97%
Lisbon
95%
London
95%
Moscow
95%
Paris
95%
Berlin
94%
Cairo
94%
Canberra
94%
Oslo
94%
Ottawa
94%
Stockholm
94%
Brasília
92%
Copenhagen
92%
Madrid
92%
Pretoria
92%
Amsterdam
91%
Buenos Aires
91%
Ankara
89%
Bern
89%
Budapest
89%
Helsinki
89%
Mexico City
89%
Rome
89%
Seoul
89%
Tehran
89%
Tokyo
89%
Vatican City
89%
Warsaw
89%
Wellington
89%
Athens
88%
Beijing
88%
Brussels
88%
Havana
88%
Jerusalem
88%
Lima
88%
Reykjavík
88%
Vienna
88%
Bangkok
86%
Bucharest
86%
Luxembourg
86%
Monaco
86%
New Delhi
86%
Riga
86%
San Marino
86%
Algiers
84%
Guatemala City
84%
Manila
84%
Panama City
84%
Port-au-Prince
84%
Prague
84%
Pyongyang
84%
Sofia
84%
Sucre
84%
Asunción
83%
Baghdad
83%
Bogotá
83%
Islamabad
83%
Kiev
83%
Nairobi
83%
Quito
83%
San Salvador
83%
Santiago
83%
Tunis
83%
Jakarta
81%
Kabul
81%
Kuwait City
81%
Montevideo
81%
Nassau
81%
Riyadh
81%
Tripoli
81%
Andorra la Vella
80%
Doha
80%
Kuala Lumpur
80%
Minsk
80%
Santo Domingo
80%
Ulaanbaatar
80%
Abu Dhabi
78%
Djibouti
78%
Kingston
78%
Kinshasa
78%
Rabat
78%
San José
78%
Taipei
78%
Vaduz
78%
Vilnius
78%
Zagreb
78%
Bratislava
77%
Caracas
77%
Damascus
77%
Georgetown
77%
Hanoi
77%
Ljubljana
77%
Sarajevo
77%
Singapore
77%
Addis Ababa
75%
Beirut
75%
Belmopan
75%
Dakar
75%
Dhaka
75%
Colombo
73%
Freetown
73%
Valletta
73%
Astana
72%
Malé
72%
Paramaribo
72%
Pristina
72%
Tallinn
72%
Tashkent
72%
Tegucigalpa
72%
Tirana
72%
Amman
70%
Belgrade
70%
Kathmandu
70%
Muscat
70%
Port Moresby
70%
Tbilisi
70%
Yerevan
70%
Abuja
69%
Antananarivo
69%
Baku
69%
Bishkek
69%
Chișinău
69%
Khartoum
69%
Luanda
69%
Sana'a
69%
Skopje
69%
Victoria
69%
Accra
67%
Brazzaville
67%
Kingstown
67%
Managua
67%
Vientiane
67%
Dili
66%
Lomé
66%
Monrovia
66%
Podgorica
66%
Bamako
64%
Dodoma
64%
Maputo
64%
Mogadishu
64%
Nicosia
64%
Phnom Penh
64%
Port-of-Spain
64%
Windhoek
64%
Harare
63%
Juba
63%
Manama
63%
Saint John's
63%
Thimphu
63%
Yaoundé
63%
Dushanbe
61%
Gaborone
61%
Kampala
61%
Libreville
61%
Port Louis
61%
Ashgabat
59%
Asmara
59%
Bangui
59%
Kigali
59%
N'Djamena
59%
Niamey
59%
Porto-Novo
59%
Praia
59%
Apia
58%
Bridgetown
58%
Lusaka
58%
Maseru
58%
Roseau
58%
São Tomé
58%
Banjul
56%
Bissau
56%
Castries
56%
South Tarawa
56%
Suva
56%
Lilongwe
55%
Saint George's
55%
Bandar Seri Begawan
53%
Mbabane
53%
Moroni
53%
Naypyidaw
53%
Yamoussoukro
52%
Yaren
52%
Basseterre
50%
Conakry
50%
Ouagadougou
50%
Funafuti
48%
Honiara
48%
Palikir
48%
Port Vila
48%
Malabo
47%
Nuku'alofa
47%
Majuro
45%
Nouakchott
45%
Bujumbura
44%
Ngerulmud
44%
No matching quizzes found
Score Distribution
Percent of People with Each Score
Percentile by Number Answered
Your Score History
You have not taken this quiz